<?xml version="1.0" encoding="UTF-8"?>
<record
    xmlns:xsi="http://www.w3.org/2001/XMLSchema-instance"
    xsi:schemaLocation="http://www.loc.gov/MARC21/slim http://www.loc.gov/standards/marcxml/schema/MARC21slim.xsd"
    xmlns="http://www.loc.gov/MARC21/slim">

  <leader>02764nam a22003014a 4500</leader>
  <controlfield tag="003">BOLpUSFA</controlfield>
  <controlfield tag="005">20260414174212.0</controlfield>
  <controlfield tag="008">      t        bo     grm    001 | spa||</controlfield>
  <datafield tag="040" ind1=" " ind2=" ">
    <subfield code="a">BOLpUSFA</subfield>
  </datafield>
  <datafield tag="041" ind1=" " ind2=" ">
    <subfield code="a">spa</subfield>
  </datafield>
  <datafield tag="044" ind1=" " ind2=" ">
    <subfield code="a">BO</subfield>
  </datafield>
  <datafield tag="082" ind1=" " ind2=" ">
    <subfield code="a">ICO0014</subfield>
    <subfield code="b">C957e PG</subfield>
  </datafield>
  <datafield tag="100" ind1=" " ind2=" ">
    <subfield code="a">Cruz Vargas, Brisa Marian</subfield>
  </datafield>
  <datafield tag="245" ind1=" " ind2=" ">
    <subfield code="a">Estudio de factibilidad para la creaci&#xF3;n de una Empresa de servicio de transporte p&#xFA;blico exclusivo para mujeres en el Municipio de Tupiza "Chiche&#xF1;as Seguras"</subfield>
  </datafield>
  <datafield tag="260" ind1=" " ind2=" ">
    <subfield code="a">Tupiza: </subfield>
    <subfield code="b">Universidad Privada San Francisco de As&#xED;s. Carrera de Ingenier&#xED;a Comercial, </subfield>
    <subfield code="c">2025</subfield>
  </datafield>
  <datafield tag="300" ind1=" " ind2=" ">
    <subfield code="a">265 p. </subfield>
  </datafield>
  <datafield tag="502" ind1=" " ind2=" ">
    <subfield code="a">Modalidad: Proyecto de Grado - 
Tutora: Lic. Zorka Encinas Muninagic</subfield>
  </datafield>
  <datafield tag="520" ind1=" " ind2=" ">
    <subfield code="a">En el municipio de Tupiza, las mujeres enfrentan altos niveles de inseguridad 
en  el  transporte  p&#xFA;blico,  particularmente  en  horarios  nocturnos,  lo  que  limita  su 
movilidad  y  genera  desconfianza  hacia  los  servicios  tradicionales. 
 
Frente a esta problem&#xE1;tica, el proyecto de factibilidad &#x201C;Chiche&#xF1;as Seguras&#x201D; propone la creaci&#xF3;n 
de una empresa de transporte p&#xFA;blico seguro, confiable y exclusivo para mujeres, 
operado por conductoras capacitadas y certificadas. El estudio se desarroll&#xF3; bajo 
un  enfoque  descriptivo,  aplicando  encuestas  a  una  muestra  representativa  de 
mujeres del &#xE1;rea urbana de Tupiza, con el objetivo de identificar sus preferencias, 
nivel de aceptaci&#xF3;n y disposici&#xF3;n a pagar por el servicio. Asimismo, se realizaron 
an&#xE1;lisis de factibilidad t&#xE9;cnica, comercial, econ&#xF3;mica, financiera y social, a fin de 
determinar  la  viabilidad  integral  del  proyecto.  Los  resultados  evidenciaron  que  el 
72%  de  las  encuestadas  manifest&#xF3;  inter&#xE9;s  en  utilizar  un  servicio  de  transporte 
seguro  para  mujeres,  valorando  especialmente  la  confianza,  la  atenci&#xF3;n 
personalizada y la implementaci&#xF3;n de herramientas tecnol&#xF3;gicas de seguridad. 

El an&#xE1;lisis financiero demostr&#xF3; que la inversi&#xF3;n inicial es recuperable en un periodo 
razonable,  asegurando  rentabilidad  y  sostenibilidad  en  el  mediano  plazo.  
 
En conclusi&#xF3;n,  &#x201C;Chiche&#xF1;as  Seguras&#x201D;  constituye  un  proyecto  viable,  innovador  y 
socialmente  necesario,  que  responde  a  una  demanda  insatisfecha  del  mercado 
femenino  tupice&#xF1;o,  promoviendo  la  inclusi&#xF3;n  laboral  de  mujeres  conductoras  y 
contribuyendo a mejorar la seguridad ciudadana y la calidad del transporte urbano. 
</subfield>
  </datafield>
  <datafield tag="650" ind1=" " ind2=" ">
    <subfield code="a">Ingenier&#xED;a Comercial</subfield>
  </datafield>
  <datafield tag="650" ind1=" " ind2=" ">
    <subfield code="a">Proyecto de Grado</subfield>
  </datafield>
  <datafield tag="650" ind1=" " ind2=" ">
    <subfield code="a">Estudio de factibilidad</subfield>
  </datafield>
  <datafield tag="650" ind1=" " ind2=" ">
    <subfield code="a">Transporte p&#xFA;blico</subfield>
  </datafield>
  <datafield tag="650" ind1=" " ind2=" ">
    <subfield code="a">Mujeres</subfield>
  </datafield>
  <datafield tag="650" ind1=" " ind2=" ">
    <subfield code="a">Inseguridad social</subfield>
  </datafield>
  <datafield tag="651" ind1=" " ind2=" ">
    <subfield code="a">Potos&#xED; </subfield>
  </datafield>
  <datafield tag="651" ind1=" " ind2=" ">
    <subfield code="a">Tupiza</subfield>
  </datafield>
  <datafield tag="942" ind1=" " ind2=" ">
    <subfield code="2">ddc</subfield>
    <subfield code="c">TE</subfield>
    <subfield code="z">LLO</subfield>
  </datafield>
  <datafield tag="999" ind1=" " ind2=" ">
    <subfield code="c">9693</subfield>
    <subfield code="d">9693</subfield>
  </datafield>
  <datafield tag="952" ind1=" " ind2=" ">
    <subfield code="0">0</subfield>
    <subfield code="1">0</subfield>
    <subfield code="2">ddc</subfield>
    <subfield code="4">0</subfield>
    <subfield code="7">0</subfield>
    <subfield code="8">2</subfield>
    <subfield code="a">BTZ</subfield>
    <subfield code="b">BTZ</subfield>
    <subfield code="c">3</subfield>
    <subfield code="d">2026-04-14</subfield>
    <subfield code="e">4</subfield>
    <subfield code="l">0</subfield>
    <subfield code="o">ICO0014 C957e PG</subfield>
    <subfield code="p">BTZ00900</subfield>
    <subfield code="r">2026-04-14</subfield>
    <subfield code="w">2026-04-14</subfield>
    <subfield code="y">TE</subfield>
  </datafield>
</record>
